Statistics for Everyone to Ever Receive a Presidential Electoral Vote

Click here to take the quiz!

General Stats

  • This quiz has been taken 304 times
    (213 since last reset)
  • The average score is 58 of 120

Answer Stats

RankEVsAnswerYears ReceivedParty% Correct
18424Theodore Roosevelt1904, 1912*Republican
98%
40227Hillary Clinton2016Democratic
97%
6589DeWitt Clinton1812Federalist
97%
5749Bill Clinton1992, 1996Democratic
97%
7066George Clinton1789*, 1792*, 1796*, 1808Anti-Federalist (1789), Democratic-Republican (1792, 1796, 1808)
97%
11557George W. Bush2000, 2004Republican
96%
43203George Washington1789, 1792, 1796*None
96%
11,876Franklin D. Roosevelt1932, 1936, 1940, 1944Democratic
96%
9594George H. W. Bush1988, 1992Republican
96%
31,015Ronald Reagan1976*,1980,1984Republican
95%
12536Donald J. Trump2016, 2020Republican
95%
7697Barack Obama2008, 2012Democratic
95%
21,040Richard Nixon1960, 1968, 1972Republican
93%
17486Lyndon B. Johnson1964Democratic
92%
4899Dwight Eisenhower1952, 1956Republican
92%
1081Benjamin Lincoln1789*Federalist
91%
21392Abraham Lincoln1860, 1864Republican, National Union
91%
28303John F. Kennedy1960Democratic
90%
27306Joe Biden2020Democratic
90%
15496Andrew Jackson1824, 1828, 1832Democratic-Republican (1824), Democratic (1828, 1832)
89%
38239Thomas Jefferson1792*, 1796, 1800, 1804Democratic-Republican
89%
36247John Adams1789*, 1792*, 1796, 1800Federalist
89%
52168John Quincy Adams1820*, 1824, 1828Democratic-Republican (1816, 1824), National Republican (1828)
89%
8515Samuel Adams1796*Democratic-Republican
89%
6712Woodrow Wilson1912, 1916Democratic
89%
24346Jimmy Carter1976, 1980Democratic
87%
31266Al Gore2000Democratic
86%
13503Herbert Hoover1928, 1932Republican
85%
37240Gerald Ford1976Republican
85%
28303Harry Truman1948Democratic
81%
14500Ulysses S. Grant1868, 1872Republican
80%
22382Calvin Coolidge1924Republican
79%
25329William Howard Taft1908, 1912Republican
79%
10563William McKinley1896, 1900Republican
77%
42206Mitt Romney2012Republican
77%
35250James Madison1808, 1812Democratic-Republican
76%
8664Grover Cleveland1884, 1888, 1892Democratic
76%
19411James Monroe1816, 1820Democratic-Republican
75%
976Robert H. Harrison1789*Federalist
73%
50173John McCain2008Republican
73%
39230Martin van Buren1836, 1840Democratic
73%
23378Benjamin Harrison1888, 1892Republican
73%
26307William Henry Harrison1836, 1840Whig
73%
41214James Garfield1880Republican
71%
53163Zachary Taylor1848Whig
71%
51170James K. Polk1844Democratic
70%
20404Warren G. Harding1920Republican
70%
49174James Buchanan1856Democratic
67%
34251John Kerry2004Democratic
67%
46185Rutherford B. Hayes1876Republican
66%
32254Franklin Pierce1852Democratic
64%
1081Bernie Sanders2016*Democratic
56%
55159Bob Dole1996Republican
56%
8813Walter Mondale1984Democratic
56%
948Millard Fillmore1856*American ("Know-Nothing")
56%
30288Thomas Dewey1944, 1948Republican
54%
64104Aaron Burr1792*, 1796*, 1800*Democratic-Republican
49%
7346George Wallace1968*Segregationist Democratic
48%
63111Michael Dukakis1988Democratic
48%
54162Adlai Stevenson1952, 1956Democratic
46%
44191Hubert Humphrey1968Democratic
44%
6687Al Smith1928Democratic
43%
7252Barry Goldwater1964Republican
41%
8317George McGovern1972Democratic
37%
44191Henry Clay1824*, 1832, 1844Democratic-Republican (1824), National Republican (1832), Whig (1844)
36%
16493William Jennings Bryan1896, 1900, 1908Democratic
36%
9012Stephen Douglas1860Northern Democratic
35%
7739Strom Thurmond1948*Dixiecrat (Segregationist)
32%
47184Samuel Tilden1876Democratic
27%
1081David Davis1872*Liberal Republican
25%
58136John Davis1924Democratic
25%
1081John Kasich2016*Republican
25%
1081Ron Paul2016*Libertarian
24%
6972John C. Breckinridge1860*Southern Democratic
24%
1081John Edwards2004*Democratic
23%
948Alf Landon1936Republican
22%
1003George B. McClellan1864Democratic
21%
1081Faith Spotted Eagle2016*Democratic
21%
6782Wendell Willkie1940Republican
21%
1081Walter Jones1956*Segregationist Democratic
20%
7934Rufus King1816Federalist
19%
7739John Bell1860*Constitutional Union
19%
8415John Jay1789*, 1796*, 1800*Federalist
19%
56155Winfield Scott Hancock1880Democratic
19%
62114John C. Fremont1856Republican
19%
994John Hancock1789*Federalist
19%
32254Charles Evans Hughes1916Republican
18%
8218Benjamin Gratz Brown1872*Liberal Republican/Democratic
16%
8813Robert LaFollette, Sr.1924*Progressive
16%
1003Horace Greeley (Posthumous)1872Liberal Republican/Democratic
16%
7159Thomas Pinckney1796*Federalist
15%
1003Colin Powell2016*Republican
15%
61124Charles C. Pinckney1796*, 1800*, 1804, 1808Federalist
15%
48182James G. Blaine1884Republican
14%
57140Alton B. Parker1904Democratic
14%
59127James Cox1920Democratic
13%
7442Winfield Scott1852Whig
13%
8714Daniel Webster1836*Whig
13%
8026Hugh Lawson White1836*Whig
12%
8515Harry F. Byrd, Sr.1960*Segregationist Democratic
12%
6880Horatio Seymour1868Democratic
12%
59127Lewis Cass1848Democratic
11%
1042John Henry1796*Democratic-Republican
9%
8122James Weaver1888*Populist
8%
7641William H. Crawford1824*Democratic-Republican
8%
1081Lloyd Bentsen1988*Democratic
7%
1081John Hospers1972*Libertarian
6%
9111Willie Person Mangum1836*Whig
5%
1042Charles J. Jenkins1872*Democratic
5%
7442Thomas A. Hendricks1872*Democratic
5%
1042Samuel Johnston1796*Federalist
4%
9111Oliver Ellsworth1796*Federalist
4%
976John Rutledge1789*Federalist
4%
9111John Floyd1832*Nullifier
4%
967William Wirt1832*Anti-Masonic
4%
1081John Milton1789*Federalist
3%
1081James Armstrong1789*Federalist
3%
1003James Iredell1796*Federalist
3%
1081Edward Telfair1789*Anti-Federalist
2%
1042Samuel Huntington1789*Federalist
2%

Score Distribution

Percentile by Number Answered

Percent of People with Each Score

Your Score History

You have not taken this quiz since the last reset